00313nam a2200145Ia 45000030006000000080041000060400015000471000014000622450016000762500006000922600032000983000006001305460014001360050017001500STCL150530s9999 xx 000 0 und d aSTCLcSTCL aGogol, N. aTaras Bulba a1 bPrabhatham; Kozhikodec1959 a0 aMalayalam20220125171618.0